Guess the odd one out NBA edition! - Statistics

General Stats
  • This quiz has been taken 38 times
  • The average score is 5 of 10
Answer Stats
Question Answer % Correct
every NBA player below played for the Lakers except for..... Chris Paul
70%
Every NBA player below has played with Lebron James except for..... grant hill
70%
every NBA player below has scored a 60 points in a game except for..... Kevin Durant
68%
every NBA player below has played in 1000+ games except for..... chris bosh
54%
every NBA player below has been drafted into the NBA except for..... Fred Vanvleet
51%
every NBA player below has not won a NBA championship except for..... Jason Kidd
43%
Every NBA player below has played overseas except for..... Kobe Bryant
32%
Every NBA player below was on the 1992 Dream Team except for..... Karl Malone
27%
Every NBA player below has won a Olympic gold medal except for..... Tim Duncan
24%
every NBA player below was a all star in 2018 except for..... Chris Paul
14%
No matching quizzes found
Score Distribution
Percent of People with Each Score
Percentile by Number Answered
Your Score History
You have not taken this quiz